000
00248nam a2200109Ia 4500
008
220204s9999 xx 000 0 und d
082
_a
82-3
_b
DIC
100
_a
Dickents, Charles
245
0
_a
Oliver twist
260
_a
Hungary
_b
Priory
942
_c
BK
999
_c
37492
_d
37492